[Event "SCCF State Championship"]
[Site "Los Angeles USA"]
[Date "2006.07.15"]
[Round "5"]
[White "Yanayt,E"]
[Black "Sevillano,E"]
[Result "1/2-1/2"]
[WhiteElo "2275"]
[BlackElo "2481"]

1.e4 c5 2.Nf3 d6 3.d4 cxd4 4.Nxd4 Nf6 5.Nc3 a6 6.Be3 e5 7.Nb3 Be7 8.f3 Be6
9.Qd2 O-O 10.O-O-O Nbd7 11.g4 b5 12.Qf2 Rc8 13.h4 Rxc3 14.bxc3 Qc7 15.Kb2 Rc8
16.Qd2 Nb6 17.Bxb6 Qxb6 18.g5 Nh5 19.Bh3 a5 20.Bxe6 fxe6 21.a3 Nf4 22.Nc1 d5
23.Ne2 Nxe2 24.Qxe2 Qc5 25.Kb1 Qxa3 26.exd5 Bd6 27.dxe6 Rc4 28.Rxd6 Qxd6
29.Re1 Rc5 30.f4 b4 31.fxe5 Qxe6 32.Rd1 Rxe5 33.Rd8+ Kf7 34.Qh5+ Qg6 35.Qxg6+ Kxg6
36.cxb4 Rb5 37.Rd4 Rxb4+ 38.Rxb4 axb4 39.Kb2 Kh5 40.Kb3 Kxh4 41.Kxb4 Kxg5
42.c4 Kf6 43.Kb5 Ke7 44.Kb6 g5 45.c5 g4 46.c6 g3 47.c7 g2 48.c8=Q g1=Q+ 49.Qc5+ Qxc5+
50.Kxc5  1/2-1/2

[Event "XXIV Andorra Open"]
[Site "Andorra la Vella AND"]
[Date "2006.07.16"]
[Round "9"]
[White "Fluvia,J"]
[Black "Pogorelov,R"]
[Result "1-0"]
[WhiteElo "2482"]
[BlackElo "2395"]

1.e4 c5 2.Nf3 d6 3.d4 cxd4 4.Nxd4 Nf6 5.Nc3 a6 6.Be3 e5 7.Nf3 Be7 8.Bc4 O-O
9.O-O Nbd7 10.a4 b6 11.Qe2 Bb7 12.Bg5 h6 13.Bh4 Qc7 14.Rfd1 g5 15.Bg3 Nc5
16.Nd2 Ne6 17.Bxe6 fxe6 18.h4 Kf7 19.hxg5 hxg5 20.Nc4 Rac8 21.b3 Qc5 22.Rd2 Bc6
23.Qd3 Rfd8 24.Re2 b5 25.axb5 axb5 26.Na5 Be8 27.Nb7 Qxc3 28.Nxd8+ Bxd8 29.Ra7+ Nd7
30.Qxd6 Qd4 31.Bxe5 Qxa7 32.Re3 Nxe5 33.Qxe5 Bf6 34.Rf3 Qe7 35.Qxg5 Bc6 36.Qh5+ Kg7
37.Rg3+ Kf8 38.e5 Bg7  1-0

[Event "ch-SUI"]
[Site "Lenzerheide SUI"]
[Date "2006.07.16"]
[Round "4"]
[White "Jenni,F"]
[Black "Forster,Ri"]
[Result "1-0"]
[WhiteElo "2481"]
[BlackElo "2482"]

1.e4 c5 2.Nf3 d6 3.d4 cxd4 4.Nxd4 Nf6 5.Nc3 a6 6.Be3 e5 7.Nb3 Be6 8.Qd2 Be7
9.f3 O-O 10.O-O-O b5 11.g4 b4 12.Nd5 Bxd5 13.exd5 a5 14.Nc5 a4 15.g5 Nfd7
16.Ne4 Qa5 17.Bh3 Nb6 18.Kb1 Na6 19.Nf6+ Kh8 20.Rhg1 Nc5 21.Rg4 b3 22.Rh4 gxf6
23.Qg2 f5 24.Bxf5 a3 25.cxb3 axb2 26.Ra4 Ncxa4 27.Qh3 Nc3+ 28.Kc2 b1=Q+ 29.Rxb1 Qxa2+
30.Rb2 Qxb2+ 31.Kxb2 Ra2+ 32.Kxc3 Nxd5+ 33.Kd3 Nb4+ 34.Ke4 d5+ 35.Kxe5 Nc6+
36.Kxd5 Ra5+ 37.Kxc6 Rxf5 38.Qxf5  1-0

[Event "Aegean Open"]
[Site "Agios Kirikos GRE"]
[Date "2006.07.17"]
[Round "7"]
[White "Papargyriou,A"]
[Black "Tsanas,A"]
[Result "1/2-1/2"]
[WhiteElo "2062"]
[BlackElo "2286"]

1.e4 c5 2.Nf3 d6 3.d4 cxd4 4.Nxd4 Nf6 5.Nc3 a6 6.Be3 e5 7.Nb3 Be7 8.Be2 Be6
9.O-O O-O 10.Nc1 Nc6 11.Nd3 d5 12.exd5 Nxd5 13.Nxd5 Bxd5 14.Nc5 Nd4 15.Bxd4 exd4
16.Nb3 Bf6 17.Bf3 Bxf3 18.Qxf3 Qb6 19.Qd3 Rfe8 20.Rfe1 g6 21.Rad1 Rad8 22.g3 h5
23.h4 Rxe1+ 24.Rxe1 a5 25.Qc4 Kg7 26.Re2 Qa7 27.Nc1 Qb8 28.Nd3 Re8 29.Nf4 Rxe2
30.Qxe2 Qd6 31.Nd3 Qd5 32.a3 Qd7 33.Qf3 Qc7 34.Qe2 Qc6 35.Kh2 b5 36.Kg1 Qc4
37.Kf1 Qd5 38.Kg1 Kf8 39.Kh2 Qd6 40.Kg1 Qc7 41.Kg2 Kg7 42.Kg1 Qc4 43.Kf1 Kh7
44.Kg1 Qd5 45.Kh2  1/2-1/2

[Event "XI Open"]
[Site "Balaguer ESP"]
[Date "2006.07.17"]
[Round "1"]
[White "Barrientos,S"]
[Black "Montoliu Daroca,I"]
[Result "1-0"]
[WhiteElo "2435"]
[BlackElo "1959"]

1.e4 c5 2.Nf3 d6 3.d4 cxd4 4.Nxd4 Nf6 5.Nc3 a6 6.Be3 Ng4 7.Bc1 g6 8.f3 Ne5
9.f4 Nec6 10.Be3 Bg7 11.Qd2 Nxd4 12.Bxd4 e5 13.Be3 Nc6 14.O-O-O Bf8 15.Nd5 Qa5
16.Qxa5 Nxa5 17.Nc7+ Kd8 18.Nxa8 Nc4 19.Bxc4  1-0

[Event "Inautomarket Open"]
[Site "Minsk BLR"]
[Date "2006.07.17"]
[Round "8"]
[White "Lastin,A"]
[Black "Aveskulov,V"]
[Result "1/2-1/2"]
[WhiteElo "2613"]
[BlackElo "2471"]

1.e4 c5 2.Nf3 d6 3.d4 Nf6 4.Nc3 cxd4 5.Nxd4 a6 6.Be3 e5 7.Nf3 Be7 8.Bc4 O-O
9.O-O Be6 10.Qe2 Qc7 11.Bb3 Nc6 12.Rfd1 Na5 13.Bg5 Nxb3 14.axb3 Nh5 15.Be3 Nf6
16.Bg5 Nh5 17.Be3 Nf6 18.Bg5  1/2-1/2

[Event "XI Open"]
[Site "Balaguer ESP"]
[Date "2006.07.20"]
[Round "4"]
[White "Escobar Forero,A"]
[Black "Kovchan,A"]
[Result "1-0"]
[WhiteElo "2431"]
[BlackElo "2498"]

1.e4 c5 2.Nf3 d6 3.d4 cxd4 4.Nxd4 Nf6 5.Nc3 a6 6.Be3 e5 7.Nf3 Qc7 8.a4 Be6
9.a5 Nbd7 10.Be2 Qc6 11.O-O Nxe4 12.Nxe4 Qxe4 13.Ng5 Qc6 14.Bf3 d5 15.c4 Qxc4
16.Rc1 Qb5 17.Nxe6 fxe6 18.Bg4 Nf6 19.Bxe6 Qxa5 20.f4 e4 21.Bd4 Be7 22.g4 h6
23.g5 hxg5 24.fxg5 Nd7 25.Qg4 Nf8 26.Bf7+ Kd8 27.Rf5 Ne6 28.Bxe6  1-0

[Event "XI Open"]
[Site "Balaguer ESP"]
[Date "2006.07.20"]
[Round "4"]
[White "Colovic,A"]
[Black "Trigo Conde,I"]
[Result "1-0"]
[WhiteElo "2462"]
[BlackElo "2280"]

1.e4 c5 2.Nc3 d6 3.Nge2 Nf6 4.d4 cxd4 5.Nxd4 a6 6.Be3 e6 7.f3 b5 8.Qd2 Nbd7
9.g4 h6 10.O-O-O Bb7 11.h4 b4 12.Nce2 d5 13.Nf4 Qa5 14.Nb3 Qxa2 15.exd5 e5
16.Bc4 a5 17.Qd3 exf4 18.Bd4 Kd8 19.Kd2 a4 20.Na5 Ba6 21.Ra1 Bxc4 22.Nxc4 Qxa1
23.Rxa1 Bc5 24.Bxc5 Nxc5 25.Qd4 Rc8 26.Nd6 Rc7 27.Nxf7+ Rxf7 28.Qxc5 Nxd5
29.Rxa4 Nc7 30.Rxb4 Kc8 31.Qa7 Rd8+ 32.Kc1 Rd6 33.b3 Rd5 34.Qb8+ Kd7 35.Qg8 Re7
36.Rxf4 Re1+ 37.Kb2 Rdd1 38.Qxg7+ Kc8 39.Rf8+ Kb7 40.Rf7  1-0

[Event "XI Open"]
[Site "Balaguer ESP"]
[Date "2006.07.21"]
[Round "5"]
[White "Satyapragyan,S"]
[Black "Gopal,G"]
[Result "1-0"]
[WhiteElo "2431"]
[BlackElo "2343"]

1.e4 c5 2.Nf3 d6 3.d4 cxd4 4.Nxd4 Nf6 5.Nc3 a6 6.Be3 e5 7.Nde2 Nbd7 8.Ng3 g6
9.a4 Qc7 10.a5 Be7 11.Qd2 b5 12.axb6 Nxb6 13.Bxb6 Qxb6 14.Bb5+ Kf8 15.Bc4 Kg7
16.O-O Bb7 17.Kh1 Rac8 18.b3 h5 19.h3 h4 20.Nge2 Rhd8 21.f4 Nxe4 22.Nxe4 d5
23.fxe5 dxc4 24.Qf4 Bd5 25.Nf6 Be6 26.Qg5 Rh8 27.Nf4 Rc7 28.Rf3 cxb3 29.cxb3 Bd8
30.Rd1 Be7 31.Rdf1 Qc6 32.Kh2  1-0

[Event "Sunny Pawn Open"]
[Site "Illichevsk UKR"]
[Date "2006.07.21"]
[Round "2"]
[White "Rusanova,A"]
[Black "Shkliar,B"]
[Result "0-1"]
[WhiteElo "1854"]
[BlackElo "2188"]

1.e4 c5 2.Nf3 d6 3.d4 cxd4 4.Nxd4 Nf6 5.Nc3 a6 6.Be3 e6 7.f3 b5 8.Qd2 Bb7
9.g4 h6 10.O-O-O Nbd7 11.h4 b4 12.Na4 Qa5 13.b3 Nc5 14.Nxc5 dxc5 15.g5 Qxa2
16.Qf2 hxg5 17.Bxg5 Qa1+ 18.Kd2 Qxd4+ 19.Ke2 Qxf2+ 20.Kxf2 Be7 21.Bc4 Nd7
22.Bxe7 Kxe7 23.Ke3 Ne5 24.Be2 Rad8 25.Ra1 Nc6 26.Bxa6 Bxa6 27.Rxa6 Nd4 28.Rc1 Rxh4  0-1

[Event "Canadian Open"]
[Site "Kitchener CAN"]
[Date "2006.07.21"]
[Round "7"]
[White "Swathi,G"]
[Black "Lacau Rodean,L"]
[Result "1-0"]
[WhiteElo "2379"]
[BlackElo "2104"]

1.e4 c5 2.Nf3 d6 3.d4 cxd4 4.Nxd4 Nf6 5.Nc3 a6 6.Be3 e5 7.Nb3 Be7 8.f3 Be6
9.Qd2 O-O 10.O-O-O b5 11.g4 b4 12.Nd5 Bxd5 13.exd5 a5 14.Kb1 Qc7 15.g5 Nfd7
16.h4 Nb6 17.Bxb6 Qxb6 18.Bd3 a4 19.Nc1 Nd7 20.Rhg1 Nc5 21.Rg4 Rfb8 22.Re1 Bf8
23.h5 g6 24.h6 b3 25.cxb3 a3 26.Rc4 axb2 27.Qxb2 Ra4 28.Qc2 Qa5 29.Re2 Rbb4
30.Rxb4 Rxb4 31.Bc4 Rb7 32.f4 Na4 33.Re3 Qc5 34.Re4 exf4 35.Rxf4 Qe3 36.Ne2 Rb4
37.Qc1 Qe5 38.Qd2 Rb8 39.Ng3 Nc3+ 40.Kc2 Nxa2 41.Ne4 Be7 42.Rh4 Nb4+ 43.Kd1 f5
44.gxf6 Bxf6 45.Nxf6+ Qxf6 46.Qd4 Qf3+ 47.Kc1 Ra8 48.Qg7+  1-0

[Event "Czech Open A"]
[Site "Pardubice CZE"]
[Date "2006.07.21"]
[Round "1"]
[White "Zhigalko,A"]
[Black "Hansen,TR"]
[Result "1/2-1/2"]
[WhiteElo "2542"]
[BlackElo "2319"]

1.e4 c5 2.Nf3 d6 3.d4 cxd4 4.Nxd4 Nf6 5.Nc3 a6 6.Be3 e5 7.Nb3 Be6 8.f3 Be7
9.Qd2 O-O 10.O-O-O Nbd7 11.g4 b5 12.g5 b4 13.Ne2 a5 14.gxf6 Nxf6 15.Kb1 a4
16.Nbc1 Qc7 17.Rg1 Rfc8 18.Bg5 b3 19.cxb3 axb3 20.Nc3 bxa2+ 21.Ka1 Rab8 22.Bd3 Kh8
23.Bxf6 Bxf6 24.N1xa2 Ra8 25.Bb1 Ra5 26.b4 Ra6 27.Rc1 Rca8 28.Nd5 Qa7 29.Rg2 Bd8
30.Rc2 h6 31.Rb2 Ra3 32.Qd1 Bxd5 33.Qxd5 Bb6 34.Rgd2 Bd4 35.Rxd4 exd4 36.b5 Qb6
37.f4 d3 38.Rd2 Qe3 39.Rd1 Qxf4 40.Qd4 Qxh2 41.Qb2 Qe2 42.Rg1 f6 43.Qxe2 dxe2
44.Kb2 Re3 45.Re1 Rc8 46.Nb4 Rc5 47.Bd3 Rxd3  1/2-1/2

[Event "Czech Open A"]
[Site "Pardubice CZE"]
[Date "2006.07.21"]
[Round "1"]
[White "Kryvoruchko,Y"]
[Black "Bogner,S"]
[Result "1-0"]
[WhiteElo "2536"]
[BlackElo "2314"]

1.e4 c5 2.Nf3 d6 3.d4 cxd4 4.Nxd4 Nf6 5.Nc3 a6 6.Be3 e5 7.Nde2 Be6 8.f4 Be7
9.Qd2 b5 10.a3 Qc7 11.O-O-O O-O 12.f5 Bc8 13.g4 Bb7 14.Rg1 Rc8 15.Ng3 d5
16.Nxd5 Nxd5 17.exd5 Bxd5 18.Bd3 Nd7 19.Kb1 Bf8 20.Be2 Nf6 21.g5 Ne4 22.Nxe4 Bxe4
23.Bd3 Bf3 24.g6 e4 25.Be2 Rd8 26.Qe1 Qxh2 27.gxf7+ Kh8 28.Bxf3 exf3 29.Rxd8 Rxd8
30.Rh1 f2 31.Bxf2 Qg2 32.Bb6 Rd6 33.Bc5 Rc6 34.Bxf8 Rxc2 35.Rxh7+  1-0

[Event "XI Open"]
[Site "Balaguer ESP"]
[Date "2006.07.22"]
[Round "6"]
[White "Escobar Forero,A"]
[Black "Karavade,E"]
[Result "1-0"]
[WhiteElo "2431"]
[BlackElo "2316"]

1.e4 c5 2.Nf3 d6 3.d4 cxd4 4.Nxd4 Nf6 5.Nc3 a6 6.Be3 e5 7.Nf3 Qc7 8.a4 h6
9.a5 Be6 10.Be2 Be7 11.O-O O-O 12.Nd5 Nxd5 13.exd5 Bf5 14.c4 Nd7 15.b4 Bg6
16.Nd2 Bf6 17.Ra3 e4 18.Qc1 Ne5 19.Qc2 Rac8 20.Rc1 Qe7 21.Qb1 Rfd8 22.Qa2 Qd7
23.Rd1 Qf5 24.Bb6 Re8 25.Nf1 Nd3 26.Ng3 Qe5 27.Bg4 Ra8 28.b5 h5 29.bxa6 bxa6
30.Bd7 Re7 31.Bc6 Rc8 32.Ne2 Nb4 33.Qb3 Nxc6 34.dxc6 Rxc6 35.Qa4 Rc8 36.Nc3 Ree8
37.Nd5 Bd8 38.Qb4 h4 39.h3 Bh5 40.Re1 Re6 41.f4 Qf5 42.Bxd8 Rxd8 43.Qb7 Kf8
44.Qxa6 Rg6 45.Qb7 Re8 46.a6 Kg8 47.a7 Bf3 48.Rxf3 Rxg2+ 49.Kf1 exf3 50.Rxe8+ Kh7
51.Rh8+ Kxh8 52.a8=Q+ Kh7 53.Qg8+  1-0

[Event "Czech Open A"]
[Site "Pardubice CZE"]
[Date "2006.07.22"]
[Round "2"]
[White "Kukel,I jr"]
[Black "Korinek,O"]
[Result "1-0"]
[WhiteElo "2328"]
[BlackElo "2227"]

1.e4 c5 2.Nf3 d6 3.d4 cxd4 4.Nxd4 Nf6 5.Nc3 a6 6.Be3 e5 7.Nb3 Be6 8.f3 Nbd7
9.g4 Be7 10.Qd2 O-O 11.O-O-O Qc7 12.Kb1 Rfc8 13.h4 b5 14.h5 h6 15.Bh3 b4
16.Nd5 Bxd5 17.exd5 Nh7 18.Bf1 Bg5 19.Bd3 Ndf6 20.f4 exf4 21.Bxf4 Bxf4 22.Qxf4 Ng5
23.Qxb4 Nxd5 24.Qd4 Nf6 25.Bf5 Rd8 26.Rd3 a5 27.Qc3 Qb6 28.Rhd1 a4 29.Qd4 Qb5
30.Nd2 d5 31.Nf3 Nxf3 32.Rxf3 Rdb8 33.Re3 Qb4 34.a3 Qb6 35.Qxb6 Rxb6 36.Rdd3 Kf8
37.Ka2 g6 38.hxg6 fxg6 39.Bxg6 Nxg4 40.Rf3+ Kg7 41.Bh5 Nf6 42.Rg3+ Kf8 43.Bf3 Rab8
44.b4 Rc8 45.Kb2 Rbc6 46.c3 Ne4 47.Bxe4 dxe4 48.Rd4 Rc4 49.Re3 Rxd4 50.cxd4 Re8
51.Kc3 Kf7 52.d5 Kf6 53.Kd4 Kf5 54.d6 Rd8 55.Kd5 h5 56.Rxe4 Rc8 57.Re5+ Kf6
58.d7 Rd8 59.Re6+ Kf7 60.Kd6 h4 61.Rh6  1-0

[Event "Czech Open B2"]
[Site "Pardubice CZE"]
[Date "2006.07.22"]
[Round "2"]
[White "Hofmann,A"]
[Black "Skuja,A"]
[Result "0-1"]
[WhiteElo "2007"]
[BlackElo "2193"]

1.e4 c5 2.Nf3 d6 3.d4 cxd4 4.Nxd4 Nf6 5.Nc3 a6 6.Be3 e5 7.Nf3 Qc7 8.Bg5 Nbd7
9.Qd2 b5 10.a3 Bb7 11.Bd3 h6 12.Bxf6 Nxf6 13.Nh4 g6 14.O-O Rd8 15.Rfe1 Bg7
16.a4 b4 17.Na2 a5 18.c3 O-O 19.cxb4 d5 20.exd5 Nxd5 21.bxa5 Nf4 22.Qc2 Qe7
23.Nxg6 fxg6 24.Be4 Bxe4 25.Rxe4 Qg5 26.Qb3+ Kh7 27.Qg3 Qf5 28.Re3 e4 29.Nc3 Bxc3
30.bxc3 Rd2 31.a6 Rxf2  0-1

[Event "XI Open"]
[Site "Balaguer ESP"]
[Date "2006.07.23"]
[Round "7"]
[White "Satyapragyan,S"]
[Black "Colovic,A"]
[Result "1/2-1/2"]
[WhiteElo "2431"]
[BlackElo "2462"]

1.e4 c5 2.Nf3 d6 3.d4 cxd4 4.Nxd4 Nf6 5.Nc3 a6 6.Be3 e5 7.Nde2 Be7 8.Ng3 Be6
9.Be2 O-O 10.O-O g6 11.Qd2 d5 12.exd5 Nxd5 13.Nxd5 Qxd5 14.Qxd5 Bxd5 15.Rfd1 Bc6
16.Bc4 Rc8 17.c3 Nd7 18.Bd5 Nf6 19.Bxc6 Rxc6 20.f3 Kf8 21.Rd3  1/2-1/2

[Event "XI Open"]
[Site "Balaguer ESP"]
[Date "2006.07.23"]
[Round "7"]
[White "Barrientos,S"]
[Black "Ramon Perez,J"]
[Result "1-0"]
[WhiteElo "2435"]
[BlackElo "2326"]

1.e4 c5 2.Nf3 d6 3.d4 cxd4 4.Nxd4 Nf6 5.Nc3 a6 6.Be3 e5 7.Nf3 Qc7 8.a4 b6
9.Nd5 Nxd5 10.Qxd5 Nc6 11.Ng5 Rb8 12.c3 Nd8 13.Qc4 Qb7 14.Bd3 Be7 15.O-O h6
16.Nf3 O-O 17.Nd2 Nc6 18.b4 b5 19.Qb3 Be6 20.Qb2 Rfd8 21.Nb3 Bf8 22.Rfd1 Qc8
23.Bf1 f5 24.exf5 Bxf5 25.axb5 axb5 26.Rd5 Be4 27.Rxb5 Rxb5 28.Bxb5 Qg4 29.Bf1 d5
30.h3 Qg6 31.Ra6 Rd6 32.b5 Nd8 33.Bc5 Rf6 34.Bxf8 Kxf8 35.Nc5 Qf7 36.Ra8 Qc7
37.b6 Qxc5 38.b7 Rb6 39.b8=Q Rxb2 40.Qxb2 Ke7 41.Qb8 Ne6 42.Qxe5 Kf7 43.Ra6 Qe7
44.c4 Nc5 45.Qf4+ Kg8 46.Ra8+ Kh7 47.cxd5 Bxd5 48.Qf5+  1-0

[Event "Czech Open A"]
[Site "Pardubice CZE"]
[Date "2006.07.23"]
[Round "3"]
[White "Ivanov,Al3"]
[Black "Simek,P2"]
[Result "1-0"]
[WhiteElo "2408"]
[BlackElo "2271"]

1.e4 c5 2.Nf3 d6 3.d4 cxd4 4.Nxd4 Nf6 5.Nc3 a6 6.Be3 e6 7.f3 b5 8.g4 Nfd7
9.Qd2 Nb6 10.O-O-O N8d7 11.Qf2 Bb7 12.Kb1 Rc8 13.Nce2 Qc7 14.Nc1 d5 15.e5 Nxe5
16.Nxe6 fxe6 17.Bxb6 Qf7 18.f4 Nxg4 19.Qe2 Rc6 20.Bd4 Qxf4 21.Bg2 Be7 22.Rhf1 Qg5
23.Nd3 Bc8 24.h4 Qh6 25.Qxg4 e5 26.Qe2 exd4 27.Bxd5 Re6 28.Bxe6 Qxe6 29.Qh5+ Qg6
30.Qd5 Rf8 31.Rde1 Rf5 32.Qa8  1-0

[Event "Czech Open A"]
[Site "Pardubice CZE"]
[Date "2006.07.24"]
[Round "4"]
[White "Jakubowski,K"]
[Black "Stocek,J"]
[Result "1-0"]
[WhiteElo "2507"]
[BlackElo "2561"]

1.e4 c5 2.Nf3 d6 3.d4 cxd4 4.Nxd4 Nf6 5.Nc3 a6 6.Be3 e5 7.Nb3 Be6 8.f3 h5
9.Be2 Nbd7 10.O-O Rc8 11.Qd2 Be7 12.Rfd1 O-O 13.a4 Qc7 14.a5 Rfd8 15.Qe1 Qc6
16.Kh1 d5 17.exd5 Nxd5 18.Nxd5 Bxd5 19.Bd3 Qe6 20.Nd2 Nc5 21.Bf1 Qc6 22.b4 Nd7
23.c4 Be6 24.Ne4 Nf6 25.b5 Qe8 26.Rxd8 Qxd8 27.Bb6 Qd7 28.Rd1 Qe8 29.Nxf6+ Bxf6
30.bxa6 bxa6 31.c5 Ra8 32.Qe4 g6 33.Bc4 Bf5 34.Qb7 Be7 35.Bxa6 e4 36.fxe4 Bg4
37.Rf1 Be6 38.c6 Bd6 39.c7 h4 40.Rc1 Rc8 41.Qc6 Qe7 42.Rd1 Be5 43.Bxc8 Bxc8
44.Rd8+ Kh7 45.Rxc8 h3 46.Rh8+ Bxh8 47.c8=Q hxg2+ 48.Kxg2 Qg5+ 49.Kf3  1-0

[Event "10th Battle of Senta 1697 Open"]
[Site "Senta SCG"]
[Date "2006.07.24"]
[Round "5"]
[White "Erdos,B"]
[Black "Nagy,At1 SCG"]
[Result "0-1"]
[WhiteElo "2044"]
[BlackElo "2202"]

1.e4 c5 2.Nf3 d6 3.d4 cxd4 4.Nxd4 Nf6 5.Nc3 a6 6.Be3 e5 7.Nb3 Be6 8.f3 Nbd7
9.Qd2 b5 10.g4 b4 11.Nd5 Bxd5 12.exd5 Nb6 13.Bxb6 Qxb6 14.O-O-O Be7 15.h4 a5
16.Kb1 a4 17.Nc1 O-O 18.h5 h6 19.Bh3 Nh7 20.Nd3 Rab8 21.Rhe1 Bg5 22.Qe2 a3
23.b3 Nf6 24.Nc1 Qc5 25.Qc4 Qa7 26.Bf1 Rfc8 27.Qa6 Qf2 28.Qe2 Qxe2 29.Bxe2 Rc3
30.Rf1 Rbc8 31.Bc4 Bxc1 32.Kxc1 e4 33.fxe4 Nxg4 34.Rd3 Rxd3 35.cxd3 Nf6 36.Rf5 Re8
37.Kd2 Kf8 38.Ke3 Ng4+ 39.Kf3 Ne5+ 40.Ke3 Rc8 41.Rf4 Ke7 42.Rh4 Kf6 43.Rh1 Kg5
44.Rg1+ Kf6 45.Rf1+ Ke7 46.Rg1 g5 47.hxg6 fxg6 48.Rg2 g5 49.Rg1 Kf6 50.Rf1+ Kg6
51.Ke2 h5 52.Rg1 g4 53.Kf2 Kg5 54.Kg2 Kf4 55.Rf1+ Nf3 56.Rf2 h4  0-1

[Event "XI Open"]
[Site "Balaguer ESP"]
[Date "2006.07.25"]
[Round "9"]
[White "Rizouk,A"]
[Black "Gopal,G"]
[Result "1/2-1/2"]
[WhiteElo "2447"]
[BlackElo "2343"]

1.e4 c5 2.Nf3 d6 3.d4 cxd4 4.Nxd4 Nf6 5.Nc3 a6 6.Be3 e5 7.Nb3 Be6 8.Qd2 Be7
9.f3 O-O 10.O-O-O Nbd7 11.g4 b5 12.Nd5 Bxd5 13.exd5 Nb6 14.Na5 Nfxd5 15.Nc6 Qc7
16.Nxe7+ Qxe7 17.Bxb6 Nxb6 18.Qxd6 Qg5+ 19.Qd2 Qf6 20.Qe3 Rac8 21.Bd3 Nc4
22.Qe4 g6 23.Kb1 Rfd8 24.c3 Rd6 25.Qe2 Nb6 26.Bc2  1/2-1/2

[Event "MTO Open"]
[Site "Biel SUI"]
[Date "2006.07.25"]
[Round "2"]
[White "Kritz,L"]
[Black "Vuilleumier,A"]
[Result "1-0"]
[WhiteElo "2578"]
[BlackElo "2402"]

1.Nf3 c5 2.e4 d6 3.d4 cxd4 4.Nxd4 Nf6 5.Nc3 a6 6.Be3 e5 7.Nb3 Be6 8.f3 Be7
9.Qd2 O-O 10.O-O-O Nbd7 11.g4 b5 12.g5 b4 13.Nd5 Nxd5 14.exd5 Bf5 15.h4 a5
16.Bd3 Bxd3 17.Qxd3 f5 18.Kb1 a4 19.Nd2 Qa5 20.Nc4 Qa6 21.Rd2 b3 22.cxb3 axb3
23.a3 Qa4 24.Rc1 Rac8 25.Rdd1 Nc5 26.Qd2 f4 27.Bg1 Ne4 28.Qd3 Ng3 29.Nb6 Rxc1+
30.Rxc1 e4 31.Nxa4 exd3 32.Nc3 Nf5 33.Rd1 Nxh4 34.Rxd3 Bxg5 35.Ne4 Nxf3 36.Rxf3 Re8
37.Rxb3 Rxe4 38.Kc2 Re2+ 39.Kd1 Rg2 40.Bb6 Bf6 41.a4 f3 42.a5 Bd8 43.Ke1 Bxb6
44.Rxb6 Kf7 45.Rb3 Kg6 46.a6 Re2+ 47.Kf1 Re8 48.Kf2 Ra8 49.Ra3 Kf5 50.b4 Ke4
51.b5 Kxd5 52.b6 Kc6 53.b7 Re8 54.Rc3+ Kb6 55.Rc8  1-0

[Event "XLVIII TCh-POR"]
[Site "Evora POR"]
[Date "2006.07.25"]
[Round "4"]
[White "Sokolov,And1"]
[Black "Ftacnik,L"]
[Result "1/2-1/2"]
[WhiteElo "2589"]
[BlackElo "2579"]

1.e4 c5 2.Nf3 d6 3.d4 cxd4 4.Nxd4 Nf6 5.Nc3 a6 6.Be3 e6 7.Be2 Be7 8.O-O Qc7
9.f4 Nc6 10.a4 O-O 11.Kh1 Re8 12.Bg1 Bd7 13.Nf3 Rad8 14.Bd3 Bc8 15.Nd2 d5
16.e5 Nd7 17.Qh5 g6 18.Qh6 Bf8 19.Qh4 b6 20.Nf3 Nc5 21.Nd4 Bb7 22.Nd1 Be7
23.Qh3 f5 24.Nc3 Nxd4 25.Bxd4 Rc8 26.Qe3 Qd7 27.b3 Bc6 28.Ne2 Qb7 29.Ng1 b5
30.Nf3 Bd7 31.axb5 Bxb5 32.Bxc5 Bxc5 33.Qe2 Qb6 34.c4  1/2-1/2

[Event "Czech Open B2"]
[Site "Pardubice CZE"]
[Date "2006.07.25"]
[Round "5"]
[White "Skuja,A"]
[Black "Mazalon,M"]
[Result "1-0"]
[WhiteElo "2193"]
[BlackElo "2096"]

1.e4 c5 2.Nf3 d6 3.d4 cxd4 4.Nxd4 Nf6 5.Nc3 a6 6.Be3 e6 7.f3 Be7 8.Qd2 Nc6
9.O-O-O Qc7 10.g4 O-O 11.g5 Nd7 12.h4 Nxd4 13.Bxd4 b5 14.Bh3 b4 15.Ne2 Bb7
16.Qxb4 Bc6 17.Qc3 e5 18.Bxd7 Qxd7 19.Bxe5 Rfc8 20.Qe3 Qe6 21.Bc3 Qxa2 22.Qd4 Bf8
23.Ng3 Bd7 24.Qd5 Qa4 25.Rd4 Qc6 26.Qxc6 Rxc6 27.Rhd1 Be6 28.Bb4 Rac8 29.c3 Bb3
30.R1d2 g6 31.Bxd6 Bg7 32.e5 Rd8 33.f4 h6 34.Ne4 hxg5 35.hxg5 Be6 36.Ba3  1-0

[Event "Czech Open A"]
[Site "Pardubice CZE"]
[Date "2006.07.25"]
[Round "5"]
[White "Klimov,S"]
[Black "Aliavdin,N"]
[Result "1-0"]
[WhiteElo "2481"]
[BlackElo "2368"]

1.e4 c5 2.Nf3 d6 3.d4 cxd4 4.Nxd4 Nf6 5.Nc3 a6 6.Be3 e5 7.Nde2 Nbd7 8.Ng3 b5
9.a4 b4 10.Nd5 Bb7 11.a5 Nxd5 12.exd5 g6 13.Bc4 Qh4 14.Qe2 f5 15.Bd2 Qd4
16.c3 bxc3 17.Bxc3 Qa7 18.O-O Be7 19.Bd2 O-O 20.Rfc1 Rac8 21.Bh6 Rfe8 22.Rd1 Bf6
23.b3 e4 24.Be3 Qa8 25.Bd4 Bxd4 26.Rxd4 Qa7 27.Qb2 Ne5 28.Ne2 Qc5 29.Nf4 Qc7
30.Ne6 Qe7 31.Qe2 Qh4 32.h3 g5 33.Bxa6 Bxa6 34.Qxa6 Rc2 35.Rf1 g4 36.Qxd6 Qf6
37.hxg4 Nxg4 38.Rc4 Rd2 39.Qd7 Qe7 40.Qxe7 Rxe7 41.a6 Rxd5 42.Rc8+ Kf7 43.Nd8+  1-0

[Event "Czech Open A"]
[Site "Pardubice CZE"]
[Date "2006.07.25"]
[Round "5"]
[White "Zhigalko,A"]
[Black "Kraemer,Mart"]
[Result "1-0"]
[WhiteElo "2542"]
[BlackElo "2434"]

1.e4 c5 2.Nf3 d6 3.d4 cxd4 4.Nxd4 Nf6 5.Nc3 a6 6.Be3 e6 7.f3 b5 8.g4 h6 9.Qd2 Bb7
10.O-O-O Nbd7 11.h4 b4 12.Na4 Qa5 13.b3 Nc5 14.a3 Nxa4 15.axb4 Qc7 16.bxa4 d5
17.e5 Nd7 18.f4 Nb6 19.Rh3 Rc8 20.Bf2 Nxa4 21.c4 dxc4 22.Qc2 Qd7 23.f5 Bd5
24.fxe6 fxe6 25.Ra3 Bxb4 26.Rxa4 a5 27.Qg6+ Qf7 28.Qxf7+ Kxf7 29.Nc2 Rb8
30.Rd4 Rhc8 31.Be1 Bc6 32.Ra1 Bd5 33.Nxb4 axb4 34.Ra4 b3 35.Bxc4 Rc5 36.Kb2 Bxc4
37.Rdxc4 Rxe5 38.Rc7+ Kg8 39.Bc3 Re2+ 40.Kb1 e5 41.Raa7  1-0

[Event "Dutch Open"]
[Site "Dieren NED"]
[Date "2006.07.26"]
[Round "2"]
[White "Hamelink,D"]
[Black "Van den Dikkenberg,E"]
[Result "1-0"]
[WhiteElo "2214"]
[BlackElo "2144"]

1.e4 c5 2.Nf3 d6 3.d4 cxd4 4.Nxd4 Nf6 5.Nc3 a6 6.Be3 Ng4 7.Bg5 h6 8.Bh4 g5
9.Bg3 Bg7 10.Be2 h5 11.h4 gxh4 12.Bxh4 Nc6 13.Nb3 Be6 14.Qd2 Qb6 15.Nd5 Bxd5
16.exd5 Nd4 17.Bxg4 hxg4 18.O-O-O Nf5 19.Bg5 a5 20.Rxh8+ Bxh8 21.Qf4 a4 22.Qxf5 axb3
23.cxb3 Rxa2 24.Qc8+ Qd8 25.Qxb7 Bxb2+ 26.Kb1 Ra1+ 27.Kc2 Rxd1 28.Kxd1 f6
29.Bd2 Kf7 30.Qb4 Qa8 31.Qe4 Qa1+ 32.Kc2 Qa2 33.Qh7+ Ke8 34.Qg8+ Kd7 35.Qxg4+ Kd8
36.Qa4 Ba3+ 37.Kd3 Qb1+ 38.Ke2 Qb2 39.Qa8+ Kd7 40.Qc6+ Kd8 41.Qc3 Qa2 42.Kf3 Ke8
43.Qd3 Bc5 44.Be3 Bxe3 45.Kxe3 Qb2 46.Kf3 Kf8 47.g3 Qa3 48.Kg2 Qa8 49.Qc4 Qb7
50.b4 Qb6 51.Qe4 Qb5 52.Qd4 Kf7 53.Kf3 Qf1 54.Kg4 Kg6 55.Qe4+ Kf7 56.f3 Qb5
57.Kf5 Qf1 58.Qe6+ Kf8 59.Kg6 Qb1+ 60.Qf5 Qc1 61.b5 Qc7 62.b6 Qb8 63.Qd7  1-0

[Event "Dutch Open"]
[Site "Dieren NED"]
[Date "2006.07.26"]
[Round "2"]
[White "Swinkels,R"]
[Black "Ten Hagen,Y"]
[Result "1-0"]
[WhiteElo "2286"]
[BlackElo "2127"]

1.e4 c5 2.Nf3 d6 3.d4 cxd4 4.Nxd4 Nf6 5.Nc3 a6 6.Be3 e5 7.Nf3 Be7 8.Bc4 O-O
9.O-O Nbd7 10.Qe2 b5 11.Bd5 Rb8 12.Ba7 Nxd5 13.Nxd5 Ra8 14.Be3 Bb7 15.Rfd1 Bxd5
16.Rxd5 Nb6 17.Bxb6 Qxb6 18.Qd3 Rac8 19.c3 g6 20.Nd2 Qc6 21.Nf1 f5 22.exf5 Rxf5
23.Ng3 Rf4 24.Ne4 Qb6 25.Kh1 Rxe4 26.Qxe4 Qxf2 27.Rb1 Rf8 28.Rdd1 Rf4 29.Qd5+ Kg7
30.Qd2 Qxd2 31.Rxd2 Kf6 32.g3 Ra4 33.a3 Re4 34.Kg2 Ke6 35.Kf3 Rc4 36.Rbd1 h5
37.Ke2 Rg4 38.Rd3 Re4+ 39.Kd2 Rc4 40.b3 Re4 41.a4 bxa4 42.b4 a5 43.bxa5 Rc4
44.Ra1 d5 45.Kc2 Bc5 46.Kb2 d4 47.a6 dxc3+ 48.Kc2 Bd4 49.Ra3 g5 50.Rdxc3 Bxc3
51.Rxc3 Rd4 52.a7 Rd8 53.Ra3 Ra8 54.Rxa4 Kf5 55.h3 g4 56.h4 Ke6 57.Kd3 Kf5
58.Ke3 Ke6 59.Ke4 Kd6 60.Ra1 Kc5 61.Kxe5 Kc4 62.Kf4 Kd3 63.Kg5  1-0

[Event "Czech Open A"]
[Site "Pardubice CZE"]
[Date "2006.07.26"]
[Round "6"]
[White "Kukel,I jr"]
[Black "Jedlicka,A"]
[Result "0-1"]
[WhiteElo "2328"]
[BlackElo "2209"]

1.e4 c5 2.Nf3 d6 3.d4 cxd4 4.Nxd4 Nf6 5.Nc3 a6 6.Be3 e5 7.Nb3 Be6 8.Qd2 Be7
9.f3 O-O 10.O-O-O Qc7 11.g4 Rc8 12.Kb1 d5 13.exd5 Nxd5 14.Nxd5 Bxd5 15.Be2 a5
16.Qxd5 Qxc2+ 17.Ka1 Qxe2 18.Rhe1 Qxh2 19.Qe4 g6 20.Rh1 Qe2 21.Rde1 Qb5 22.g5 a4
23.Nd4 exd4 24.Qxe7 Nc6 25.Qf6 a3 26.Bxd4 axb2+ 27.Bxb2 Rxa2+ 28.Kxa2 Nb4+
29.Kb3 Nd5+ 30.Ka2 Ra8+ 31.Kb1 Qd3+ 32.Kc1 Rc8+ 33.Bc3 Nxf6 34.gxf6 Rxc3+
35.Kb2 Qc2+ 36.Ka1 Ra3+  0-1

[Event "Czech Open A"]
[Site "Pardubice CZE"]
[Date "2006.07.26"]
[Round "6"]
[White "Kurenkov,N"]
[Black "Zdebskaja,N"]
[Result "1-0"]
[WhiteElo "2447"]
[BlackElo "2344"]

1.e4 c5 2.Nf3 d6 3.d4 cxd4 4.Nxd4 Nf6 5.Nc3 a6 6.Be3 e5 7.Nb3 Be6 8.f4 Ng4
9.Bd2 exf4 10.Bxf4 g5 11.Bd2 Bg7 12.h3 Ne5 13.Be3 g4 14.hxg4 Nxg4 15.Bf4 Qb6
16.Qd2 Be5 17.O-O-O Nd7 18.Nd5 Bxd5 19.exd5 Qf2 20.g3 Qxd2+ 21.Rxd2 Bxf4
22.gxf4 Ndf6 23.Na5 O-O-O 24.Rh3 Rde8 25.Rc3+ Kd7 26.Rb3 Re1+ 27.Rd1 Rxd1+
28.Kxd1 Nxd5 29.Rxb7+ Ke6 30.f5+ Kf6 31.Kd2 Nge3 32.Bd3 Nxf5 33.Nc4 Nde7
34.Rb6 Re8 35.Rxa6 h5 36.Ne3 h4 37.Nxf5 Nxf5 38.Ra4 Kg5 39.Bxf5 Kxf5 40.Rxh4 Ke5
41.a4 Ra8 42.Rb4 d5 43.b3 f5 44.Rb7 f4 45.Kd3 Rf8 46.Re7+ Kd6 47.Re1 f3 48.Rf1 Ke5
49.a5 d4 50.a6 Rc8 51.Ra1 Kd5 52.Ra5+ Kc6 53.Rf5 Kb6 54.Rf6+ Ka7 55.Kd2 Rc3
56.Rf4 Kxa6 57.Rxd4 Rc7 58.Rf4 Rd7+ 59.Kc1  1-0